000 00687nam a22002297a 4500
003 UA-OsUOA
001 113723
007 ta
008 20150929b un ||||| |||| 00| 0 ukr d
090 _a21
942 _cBK
040 _aUA-OsUOA
_beng
_cUA-OsUOA
_dUA-OsUOA
245 _aThe Dead Sea Scrolls of St. Mark's Monastery
_cM. Burrows
300 _a230 p.
955 _a2
041 _aeng
080 _a21
260 _aNew Hawen
_bASOR
_c1950
650 7 _a21 Природна теологія. Теодицея (Бог). Раціональна теологія Релігійна філософія
_2UDC
999 _c399831
_d399831